000 00862nam a2200253 a 4500
001 000016849
005 20200929164954.0
008 100310s1942 sp 000 f spa d
040 _aDO-SdBNP
_bspa
_cBNPHU
082 _a863.3
_bC352g, 1942
100 1 _aCastillo Solórzano, Alonso de,
_d1584 -1648
_937308
245 1 3 _aLa garduña de Sevilla y anzuelo de las bolsas /
_cCastillo Solórzano; Edición, prólogo y notas de Federico Ruiz Morcuende.
250 _a2a ed.
260 _aMadrid :
_bEspasa-Calpe,
_c1942.
300 _a253 p. ;
_c18 cm.
490 1 _aClásicos castellanos
_v42
500 _aIncluye notas al pie de las páginas.
650 4 _aNovela española
_91123
650 4 _aLiteratura española
_9632
700 1 _aRuiz Morcuende, Federico,
_ced.
_937309
830 0 _aClásicos castellanos
_v42
_94180
910 _aWM
049 _aBNGR
999 _c16381
_d16381